Management. (Record no. 349093)

000 -LEADER
fixed length control field 00442 a2200181 4500
003 - CONTROL NUMBER IDENTIFIER
control field OSt
005 - DATE AND TIME OF LATEST TRANSACTION
control field 20230406120445.0
008 - FIXED-LENGTH DATA ELEMENTS--GENERAL INFORMATION
fixed length control field 150922b xxu||||| |||| 00| 0 eng d
040 ## - CATALOGING SOURCE
Transcribing agency 0
082 ## - DEWEY DECIMAL CLASSIFICATION NUMBER
Classification number 658
100 ## - MAIN ENTRY--PERSONAL NAME
Personal name Robbins,Stephen P.
245 ## - TITLE STATEMENT
Title Management.
Statement of responsibility, etc. Stephen P.Robbins
250 ## - EDITION STATEMENT
Edition statement 4th.
260 ## - PUBLICATION, DISTRIBUTION, ETC.
Place of publication, distribution, etc. U.S.A
Name of publisher, distributor, etc. Prentice Hall,International.
Date of publication, distribution, etc. 1994
300 ## - PHYSICAL DESCRIPTION
Extent 770p.
500 ## - GENERAL NOTE
General note Paper cover
942 ## - ADDED ENTRY ELEMENTS (KOHA)
Institution code [OBSOLETE] NBS
Koha item type Book
Call number prefix 658 ROB
Source of classification or shelving scheme
Holdings
Withdrawn status Lost status Source of classification or shelving scheme Damaged status Not for loan Collection code Permanent Location Current Location Shelving location Date acquired Total Checkouts Total Renewals Full call number Barcode Date last seen Date last checked out Price effective from Koha item type
            Central Library (CL) Central Library (CL) General Stacks 09/22/2015 4 1 658 ROB NBS935 11/25/2023 10/28/2023 09/22/2015 Book
© 2023 Central Library, National University of Sciences and Technology. All Rights Reserved.